Fear holding back IT use. (Record no. 61346)

MARC details
000 -LEADER
fixed length control field 00905cam a2200181 4500
001 - CONTROL NUMBER
control field WB3528-53
008 - FIXED-LENGTH DATA ELEMENTS--GENERAL INFORMATION
fixed length control field 000000n1999 000 0 eng u
035 ## - SYSTEM CONTROL NUMBER
System control number (Sirsi) u102321
245 ## - TITLE STATEMENT
Title Fear holding back IT use.
260 ## - PUBLICATION, DISTRIBUTION, ETC.
Date of publication, distribution, etc. 1999
490 ## - SERIES STATEMENT
Series statement Contract Journal
Volume/sequential designation 399(6325) 21 July 1999, 6(1
520 ## - SUMMARY, ETC.
Summary, etc. The International Alliance for Interoperability (IAI) has warned that ignorance of the potential of object technology is holding back companies in facilities management and construction. Object oriented technology aims at a holistic approach to building design and involves creating a map of all component parts of a construction project which all partners in the supply chain can access. )
650 ## - SUBJECT ADDED ENTRY--TOPICAL TERM
Topical term or geographic name entry element FACILITIES MANAGEMENT
9 (RLIN) 6240
650 ## - SUBJECT ADDED ENTRY--TOPICAL TERM
Topical term or geographic name entry element MANAGEMENT-BUSINESS MANAGEMENT-INFORMATION MANAGEMENT
650 ## - SUBJECT ADDED ENTRY--TOPICAL TERM
Topical term or geographic name entry element CONSTRUCTION INDUSTRY
690 ## - LOCAL SUBJECT ADDED ENTRY--TOPICAL TERM (OCLC, RLIN)
Topical term or geographic name as entry element Project management
9 (RLIN) 6261
942 ## - ADDED ENTRY ELEMENTS (KOHA)
Suppress in OPAC 0
Holdings
Withdrawn status Lost status Source of classification or shelving scheme Damaged status Not for loan Home library Current library Shelving location Date acquired Total Checkouts Full call number Barcode Date last seen Copy number Price effective from Koha item type
    Dewey Decimal Classification     London London News article 19/11/1999   WB3528-53 102321-1001 06/08/2019 1 06/08/2019 News article